Svetlé zajtrajšky Eurozóny
Na minha lista:
| Autor principal: | |
|---|---|
| Formato: | Capítulo de Livro |
| Idioma: | eslovaco |
| Assuntos: | |
| Tags: |
Sem tags, seja o primeiro a adicionar uma tag!
|
MARC
| LEADER | 00000naa a2200000 4500 | ||
|---|---|---|---|
| 001 | 0243655 | ||
| 005 | 20240502073939.3 | ||
| 041 | 0 | |a slo | |
| 044 | |a SK | ||
| 245 | 1 | 0 | |a Svetlé zajtrajšky Eurozóny |c Ľuboš Pavelka |
| 610 | 2 | 0 | |a eurozóna |
| 610 | 2 | 0 | |a financie verejné |
| 610 | 2 | 0 | |a rozpočet štátny |
| 610 | 2 | 0 | |a rast hospodársky |
| 610 | 2 | 0 | |a príjmy obyvateľstva |
| 610 | 2 | 0 | |a nerovnosť sociálna |
| 610 | 2 | 0 | |a nerovnováha hospodárska |
| 100 | 1 | |a Pavelka, Ľuboš, 1962- | |